José Amador de los Ríos y su tiempo, 1816-2016 (Record no. 195500)

MARC details
000 -LEADER
campo de control de longitud fija 00962cmm a2200265 i 4500
001 - NÚMERO DE CONTROL
campo de control 195500
003 - IDENTIFICADOR DE NÚMERO DE CONTROL
campo de control ES-MaACL
005 - FECHA Y HORA DE LA ÚLTIMA TRANSACCIÓN
campo de control 20240621063014.0
006 - CÓDIGOS DE INFORMACIÓN DE LONGITUD FIJA--CARACTERÍSTICAS DEL MATERIAL ADICIONAL
campo de control de longitud fija a|||||s|||||000 0|
007 - CAMPO FIJO DE DESCRIPCIÓN FÍSICA--INFORMACIÓN GENERAL
campo de control de longitud fija c|*|||||||||||
008 - DATOS DE LONGITUD FIJA--INFORMACIÓN GENERAL
campo de control de longitud fija 240619s2016 esp 000 0 spa d
040 ## - FUENTE DE CATALOGACIÓN
Centro catalogador/agencia de origen BNMEX
Lengua de catalogación spa
Centro/agencia transcriptor BNMEX
Centro/agencia modificador UAL
Normas de descripción rdc
245 00 - MENCIÓN DEL TÍTULO
Título José Amador de los Ríos y su tiempo, 1816-2016
Medio [Recurso electrónico] :
Resto del título bicentenario del nacimiento
260 ## - PUBLICACIÓN, DISTRIBUCIÓN, ETC.
Lugar de publicación, distribución, etc. Baena, Córdoba :
Nombre del editor, distribuidor, etc. Fundación Centro de Documentación Juan Alfonso de Baena,
Fecha de publicación, distribución, etc. D.L. 2016.
300 ## - DESCRIPCIÓN FÍSICA
Extensión 1 DVD :
Otras características físicas col.
Dimensiones 12 cm
336 ## - TIPO DE CONTENIDO
Término de tipo de contenido Texto
337 ## - TIPO DE MEDIO
Nombre/término del tipo de medio electrónico
Fuente isbdmedia
500 ## - NOTA GENERAL
Nota general Título tomado de la caratula
600 14 - PUNTO DE ACCESO ADICIONAL DE MATERIA--NOMBRE DE PERSONA
9 (RLIN) 21088
Nombre de persona Amador de los Ríos, José,
Fechas asociadas al nombre 1818-1878
655 #7 - TERMINO DE INDIZACIÓN--GENERO/FORMA
Fuente del término tgfbne
9 (RLIN) 226850
Datos o término principal de género/forma Homenajes
852 ## - LOCALIZACIÓN
Ubicación ES-MaACL
Ubicación en estantería Despachos-biblioteca
Número de control de estantería Des-ROTATIVO-28
itemnumber 203712
942 ## - ELEMENTOS DE ENTRADA SECUNDARIOS (KOHA)
Fuente del sistema de clasificación o colocación Clasificación decimal universal
Tipo de ítem Koha DVD
Holdings
Estatus retirado Estado de pérdida Fuente del sistema de clasificación o colocación Estado de daño No para préstamo Biblioteca de origen Biblioteca actual Ubicación en estantería Fecha de adquisición Total de préstamos Signatura topográfica completa Código de barras Visto por última vez Precio de reemplazo Tipo de ítem Koha
    Clasificación decimal universal     Biblioteca del Ateneo de Madrid Biblioteca del Ateneo de Madrid Despachos-biblioteca 19/06/2024   DES-ROTATIVO-28 101228585 19/06/2024 19/06/2024 DVD